World Capitals starting with A - Statistics

General Stats
  • This quiz has been taken 56 times
  • The average score is 11 of 15
Answer Stats
Capital % Correct
Ankara
86%
Algiers
84%
Amsterdam
84%
Accra
82%
Andorra la Vella
77%
Abuja
75%
Amman
75%
Athens
73%
Asunción
68%
Addis Ababa
66%
Ashgabat
66%
Asmara
66%
Abu Dhabi
64%
Antananarivo
64%
Apia
59%
No matching quizzes found
Score Distribution
Percent of People with Each Score
Percentile by Number Answered
Your Score History
You have not taken this quiz